Pokémon - Les attaques de Saquedeneu - Statistiques

Statistiques générales
  • Ce quiz a été pris 18 fois
  • Le résultat moyen est 11 sur 16
Statistiques - réponses
Niveaux Types Noms des attaques % Correct
Niveau 32 Plante Giga-Sangsue
92%
Niveau 12 Plante Méga-Sangsue
92%
Niveau 4 Plante Para-Spore
92%
Niveau 20 Poison Poudre Toxik
92%
Départ Plante Vol-Vie
92%
Niveau 16 Plante Fouet Lianes
83%
Niveau 48 Plante Mégafouet
83%
Niveau 36 Plante Poudre Dodo
83%
Niveau 24 Roche Pouvoir Antique
83%
Niveau 52 Plante Racines
75%
Niveau 28 Ténèbres Sabotage
58%
Niveau 8 Normal Croissance
50%
Départ Normal Étreinte
50%
Niveau 40 Normal Souplesse
42%
Niveau 56 Plante Champ Herbu
33%
Niveau 44 Normal Chatouille
17%
Aucun quiz correspondant
Distribution des résultats
% des personnes avec chaque résultat
Percentile par nombre de réponses
Votre historique - résultats
Vous n’avez pas pris ce quiz